000
00279nam a22001217a 4500
020
_a
978-81-318-0162-8
082
_a
494
_b
BHA
245
_a
ADHUNIC HINDI VYAKARAN THADHA RACHANA
260
_a
DELHI
_b
LAKSHMI PUBLICATION
300
_a
422
650
_a
GRAMMAR
_z
DELHI
942
_c
BK
999
_c
4257
_d
4257